000 00517nam a2200193Ia 4500
999 _c10494
_d10494
003 OSt
005 20191221135318.0
008 190216s9999||||xx |||||||||||||| ||und||
020 _a8187105047
040 _coclc
082 _a332.4
_bJHI/M
100 _aJhingan, M L
_9469
245 0 _aMonetary Economics /
_cM L Jhingan
250 _a4th ed.
260 _bVrinda Publications,
_c1997.
_aDelhi:
300 _a162p
650 _aEconomics
942 _cBK
_2ddc
_h332.4
_iJHI/M
_k332.4
_mJHI/M